00000000nam##2200000za#4500
0019.609839
003CaOODSP
00520220111083348
007ta
008150406|1992||||xxc|||||     f|0| 0 eng|d
020 |a0-662-19707-0
022 |a1713-0638
040 |aCaOODSP|beng
043 |an-cn---
0861 |aNE22-1/1992-4E
1101 |aCanada. |bNational Energy Board.
24510|aWestcoast Energy Inc. : |bapplication dated 20 November 1991 for the Tommy Lakes Pipeline Project
260 |aCalgary - Alberta : |bNational Energy Board |cApril, 1992.
300 |a44p. : |bfigs., graphs, tables ; |c28 cm.
4901 |aReasons for decision|x1713-0638
563 |aSoftcover
69007|aPetroleum industry|2gcpds
7760#|t[Reasons for decision in the matter of Westcoast Energy Inc. : |w(CaOODSP)9.572364
830#0|aReasons for decision (Canada. National Energy Board)|x1713-0638|w(CaOODSP)9.514808
986 |aGH-2-92